<?xml version="1.0" encoding="UTF-8"?>
<record
    xmlns:xsi="http://www.w3.org/2001/XMLSchema-instance"
    xsi:schemaLocation="http://www.loc.gov/MARC21/slim http://www.loc.gov/standards/marcxml/schema/MARC21slim.xsd"
    xmlns="http://www.loc.gov/MARC21/slim">

  <leader>00729nam a22001817a 4500</leader>
  <controlfield tag="005">20120912164212.0</controlfield>
  <datafield tag="010" ind1=" " ind2=" ">
    <subfield code="a">B-472532-36</subfield>
  </datafield>
  <datafield tag="020" ind1=" " ind2=" ">
    <subfield code="c">50.00</subfield>
  </datafield>
  <datafield tag="035" ind1=" " ind2=" ">
    <subfield code="a">B-472532-36</subfield>
  </datafield>
  <datafield tag="037" ind1=" " ind2=" ">
    <subfield code="b">BPPD</subfield>
  </datafield>
  <datafield tag="082" ind1=" " ind2=" ">
    <subfield code="a">270</subfield>
  </datafield>
  <datafield tag="100" ind1=" " ind2=" ">
    <subfield code="a">&#x630; &#x627; &#x6A9;&#x631; &#x646;&#x627; &#x64A;&#x6A9;&#x60C;&#x633;&#x631;&#x6CC; &#x633;&#x631; &#x6CC; &#x631;&#x648; &#x6CC; &#x634;&#x646;&#x6A9;&#x631;</subfield>
    <subfield code="9">52374</subfield>
  </datafield>
  <datafield tag="245" ind1=" " ind2=" ">
    <subfield code="a">&#x627;&#x633;&#x644;&#x627; &#x645; &#x627;&#x648;&#x631; &#x6C1;&#x646;&#x62F; &#x648; &#x645;&#x62A; &#x645;&#x64A;&#x646; &#x62E;&#x62F; &#x627; &#x6A9;&#x627; &#x62A;&#x635;&#x648; &#x631;</subfield>
    <subfield code="c">&#x630; &#x627; &#x6A9;&#x631; &#x646;&#x627; &#x64A;&#x6A9; &#x60C;&#x633;&#x631; &#x6CC; &#x633;&#x631;&#x6CC; &#x631;&#x648; &#x6CC; &#x634;&#x646;&#x6A9;&#x631;</subfield>
    <subfield code="b">&#x62D;&#x635;&#x6C1; &#x627;&#x648;&#x644;</subfield>
  </datafield>
  <datafield tag="246" ind1=" " ind2=" ">
    <subfield code="a">Islam Aur Hindu Mat Mein Khuda Ka Tasawwur</subfield>
    <subfield code="b">By Dr.Zakir Naik ,Sri Sri Ravi Shankar</subfield>
  </datafield>
  <datafield tag="260" ind1=" " ind2=" ">
    <subfield code="a">&#x646;&#x626; &#x62F;&#x6BE;&#x644;&#x6CC;</subfield>
    <subfield code="b">&#x627; &#x631; &#x64A;&#x628; &#x67E;&#x628;&#x644;&#x64A;&#x6A9;&#x64A;&#x634;&#x646;&#x632; 1542-&#x67E;&#x679;&#x648; &#x62F;&#x6CC; &#x6C1;&#x627; &#x624; &#x633;&#x60C;&#x62F; &#x631; &#x64A;&#x627; &#x6AF;&#x646;&#x62C;</subfield>
    <subfield code="c">2010</subfield>
  </datafield>
  <datafield tag="300" ind1=" " ind2=" ">
    <subfield code="a">116 &#x635;</subfield>
    <subfield code="c">22 Cm.(P.b)     </subfield>
  </datafield>
  <datafield tag="942" ind1=" " ind2=" ">
    <subfield code="2">ddc</subfield>
    <subfield code="c">UR</subfield>
    <subfield code="h">270</subfield>
    <subfield code="m">&#x630; &#x627; &#x6A9;</subfield>
  </datafield>
  <datafield tag="999" ind1=" " ind2=" ">
    <subfield code="c">70043</subfield>
    <subfield code="d">70043</subfield>
  </datafield>
</record>
